000 00780cam a2200241u 4500
999 _c20827
_d20827
001 10413685
003 BDDh-ASL
005 20231015025936.0
008 820929s19761955b 000 0 eng
010 _a 74209872
040 _aDLC
_cCarP
_dDLC
_dBDDh-ASL
043 _aa-ii---
050 0 0 _aAS472
_b.D3 no. 22
082 _a297.5
_bISI
100 1 _aIshaq, Muhammad,
_d1914- [from old catalog]
245 1 0 _aIndia's contribution to the study of Hadith literature /
260 _a[Dacca]:
_bUniversity of Dacca,
_c1976.
300 _axiv, 270 p.
_c22 cm.
650 0 _aHadith
_xStudy and teaching
_zIndia.
810 1 _aDacca, Pakistan (City).
_bUniversity.
_tBulletin,
_vno. 22. [from old catalog]
906 _a0
_bcbc
_cpremunv
_du
_encip
_f19
_gy-gencatlg
942 _2ddc
_cBK